000 00893nam a2200289 i 4500
001 11174
003 ES-MaACL
005 20250817143210.0
007 t|
008 960209s1994 sp ||||1| spa d
020 _a84-7635-154-2
080 _a655.11(460.187 S.)"15"
080 _a015(460.187 S.)"15"
100 1 _aRuiz Fidalgo, Lorenzo.
_9100800
245 1 3 _aLa Imprenta en Salamanca
_b: (1501-1600) /
_cLorenzo Ruiz Fidalgo.
260 _aMadrid :
_bArco Libros,
_cD.L. 1994.
300 _a3 v. ;
_c25 cm.
490 1 _aTipobibliografía española
500 _aIndices.
504 _aBibliografía : p. 147-167.
650 1 4 _aImprenta-
_zSalamanca
_913613
650 1 4 _aBibliografías salmantinas-
_yS.XVI.
_910524
830 0 _aTipobibliografía española
_9178971
852 _aES-MaACL
_jL-18460-62
_bR.124711
_911474
942 _2udc
999 _c11174
_d11174